| 000 | 01312nam a2200337Ia 4500 | ||
|---|---|---|---|
| 001 | ebr10618780 | ||
| 003 | CaPaEBR | ||
| 006 | m u | ||
| 007 | cr cn||||||||| | ||
| 008 | 080207s2008 enka sb 001 0 eng d | ||
| 010 | _z 2009417275 | ||
| 020 | _z0854046984 (hbk.) | ||
| 020 | _z9780854046980 (hbk.) | ||
| 020 | _z9781847558848 | ||
| 040 |
_aCaPaEBR _cCaPaEBR |
||
| 035 | _a(OCoLC)319518115 | ||
| 050 | 1 | 4 |
_aQR185.6 _b.M6524 2008eb |
| 082 | 0 | 4 |
_a616.079 _222 |
| 245 | 0 | 0 |
_aMolecular aspects of innate and adaptive immunity _h[electronic resource] / _cedited by Kenneth B.M. Reid and Robert B. Sim. |
| 260 |
_aCambridge, UK : _bRoyal Society of Chemistry, _cc2008. |
||
| 300 |
_axiii, 297 p. : _bill. (some col.) |
||
| 504 | _aIncludes bibliographical references and index. | ||
| 533 |
_aElectronic reproduction. _bPalo Alto, Calif. : _cebrary, _d2011. _nAvailable via World Wide Web. _nAccess may be limited to ebrary affiliated libraries. |
||
| 650 | 0 | _aNatural immunity. | |
| 650 | 0 | _aMolecular immunology. | |
| 655 | 7 |
_aElectronic books. _2local |
|
| 700 | 1 |
_aReid, Kenneth B. M., _d1943- |
|
| 700 | 1 | _aSim, Robert B. | |
| 710 | 2 | _aebrary, Inc. | |
| 856 | 4 | 0 |
_uhttp://site.ebrary.com/lib/rucke/Doc?id=10618780 _zAn electronic book accessible through the World Wide Web; click to view |
| 999 |
_c54273 _d54273 |
||